[Event "18th American Continental"]
[Site "Foz do Iguacu BRA"]
[Date "2025.05.27"]
[Round "7.50"]
[White "Aguinaga, Maximiliano"]
[Black "Nunes Jr, Sidney"]
[Result "0-1"]
[WhiteElo "2226"]
[BlackElo "2034"]
[WhiteFideId "119300"]
[BlackFideId "2128853"]
[EventDate "2025.05.23"]

1. e4 c5 2. Nc3 d6 3. d4 cxd4 4. Qxd4 Nc6 5. Qd2 g6 6. b3 Bh6 7. f4 Nf6 8. Bb2
e5 9. Nge2 O-O 10. O-O-O Re8 11. Kb1 Be6 12. g3 Qb6 13. Nd5 Bxd5 14. exd5 Nb4
15. Nc3 a5 16. a3 Na6 17. Bh3 Nc5 18. Qf2 exf4 19. gxf4 Bg7 20. Rhf1 Re7 21.
Rde1 Rae8 22. Rxe7 Rxe7 23. f5 g5 24. Bg2 h6 25. h4 g4 26. Qf4 Ncd7 27. a4 h5
28. Nb5 Re2 29. Bd4 Qd8 30. Rf2 Rxf2 31. Bxf2 Ne8 32. Qg5 Ndf6 33. Qe3 Nd7 34.
Bg3 Ne5 35. Be4 Qf6 36. c3 Qe7 37. Kc2 Nf6 38. Bg2 Qd7 39. Qf4 Kh7 40. Nxd6 Qxd6
41. Qxe5 Qa3 42. Be4 Qa2+ 43. Kd3 Qb1+ 44. Ke3 Bh6+ 45. Kd4 Qg1+ 46. Kc4 Nxe4
47. Qxe4 Qxg3 48. f6+ Kg8 49. Qf5 Qf4+ 50. Qxf4 Bxf4 51. Kd3 Be5 52. c4 Kf8 53.
c5 Ke8 54. b4 axb4 55. a5 Bd4 0-1

[Event "18th American Continental"]
[Site "Foz do Iguacu BRA"]
[Date "2025.05.27"]
[Round "7.51"]
[White "Nemeth Junior, Henrique"]
[Black "Molina Sumoza, Jesus Alberto"]
[Result "0-1"]
[BlackTitle "CM"]
[WhiteElo "2189"]
[BlackElo "2025"]
[WhiteFideId "2118815"]
[BlackFideId "3901874"]
[EventDate "2025.05.23"]

1. e4 c5 2. Nf3 Nc6 3. d4 cxd4 4. Nxd4 g6 5. c4 Nf6 6. Nc3 d6 7. Be2 Nxd4 8.
Qxd4 Bg7 9. Be3 O-O 10. Qd2 a5 11. O-O a4 12. Rac1 Qa5 13. f4 Be6 14. f5 gxf5
15. exf5 Bxf5 16. Bh6 Bg6 17. Bxg7 Kxg7 18. Kh1 Qc5 19. Rf3 Rfd8 20. Rcf1 d5 21.
Rxf6 exf6 22. Nxd5 Ra6 23. Qf4 Qd6 24. Qf3 Qe5 25. h4 Be4 26. Qg4+ Kh8 27. Bf3
Bxd5 28. Bxd5 Rb6 29. Rf5 Qe8 30. Kh2 Qe3 31. Bxf7 Rxb2 32. Bd5 Rf2 33. Bxb7 Rg8
34. Qe4 Qg3+ 35. Kg1 Rxf5 36. Qxf5 Qe1+ 37. Qf1 Qxf1+ 38. Kxf1 Rb8 39. Bd5 Rb1+
40. Ke2 Rb2+ 41. Kd3 Rxa2 42. c5 Rb2 43. c6 Rb8 44. Be6 a3 45. Kc2 Rb5 46. c7
Rc5+ 47. Kb3 Rxc7 48. Kxa3 Re7 49. Bf5 Re5 50. Bd7 h5 51. Kb3 Re4 52. Kc3 Rxh4
53. Kd3 Kg7 54. Ke3 Kg6 55. Kf3 Rd4 56. Be8+ Kg5 57. Kg3 Rd3+ 58. Kh2 f5 59. Bc6
Rc3 60. Bd5 Kf4 61. Bf7 h4 62. Bd5 h3 63. gxh3 Rc2+ 64. Bg2 Rb2 0-1

[Event "18th American Continental"]
[Site "Foz do Iguacu BRA"]
[Date "2025.05.27"]
[Round "7.52"]
[White "Aranha Filho, Alvaro Z."]
[Black "Montiel Caceres, Helen"]
[Result "1-0"]
[WhiteTitle "FM"]
[BlackTitle "WFM"]
[WhiteElo "2184"]
[BlackElo "1980"]
[WhiteFideId "2103931"]
[BlackFideId "3707121"]
[EventDate "2025.05.23"]

1. d4 Nf6 2. c4 e6 3. Nc3 Bb4 4. e3 O-O 5. Bd2 d5 6. Nf3 b6 7. cxd5 exd5 8. Rc1
Re8 9. Bd3 Bb7 10. O-O c5 11. dxc5 Bxc5 12. Nb5 a6 13. Nbd4 Ne4 14. b4 Bd6 15.
Nf5 Bf8 16. N3d4 g6 17. Ng3 Bg7 18. Be1 Nxg3 19. hxg3 Nd7 20. Be2 Ne5 21. Bc3
Rc8 22. Ba1 Qd6 23. Qb3 Rc7 24. Rxc7 Qxc7 25. Nf3 Nc4 26. Bxg7 Kxg7 27. Rd1 b5
28. Nd4 Qe7 29. Bf3 Rd8 30. Ne2 Kg8 31. Nf4 Qe5 32. Nd3 Qf6 33. Nc5 Ba8 34. Rd4
Qb6 35. Nd3 g5 36. a4 bxa4 37. Qxa4 Bc6 38. Qd1 Qb5 39. Bh5 Qb7 40. e4 Qb6 41.
Ne1 Nb2 42. Qd2 Nc4 43. Qxg5+ Kf8 44. Qf6 Rd7 45. Nf3 dxe4 46. Rxc4 exf3 47.
Rxc6 Qb7 48. Bxf3 1-0

[Event "18th American Continental"]
[Site "Foz do Iguacu BRA"]
[Date "2025.05.27"]
[Round "7.53"]
[White "Requejo Cotrina, Oswaldo Valentin"]
[Black "Raimundo, Airton Carlos Nunes"]
[Result "1-0"]
[WhiteTitle "FM"]
[WhiteElo "2184"]
[BlackElo "1975"]
[WhiteFideId "3800423"]
[BlackFideId "2114526"]
[EventDate "2025.05.23"]

1. d4 Nf6 2. c4 e6 3. Nc3 Bb4 4. e3 O-O 5. Ne2 d5 6. a3 Be7 7. Nf4 b6 8. g4 c6
9. g5 Ne4 10. Nxe4 dxe4 11. h4 e5 12. dxe5 Qxd1+ 13. Kxd1 Nd7 14. Bg2 Nxe5 15.
Bxe4 Bg4+ 16. Kc2 Nxc4 17. Rg1 Bd7 18. b3 Nd6 19. Bd3 Bf5 20. Bb2 Bxd3+ 21. Kxd3
Rad8 22. Ke2 Ne4 23. Rad1 Rxd1 24. Rxd1 Rd8 25. Rxd8+ Bxd8 26. f3 Ng3+ 27. Kd3
Nf5 28. Ng2 Bc7 29. e4 Ne7 30. f4 g6 31. Ke3 h5 32. Bf6 Kf8 33. f5 Ke8 34. Nf4
Bxf4+ 35. Kxf4 Kd7 36. Ke5 Nc8 37. Bg7 Ke7 38. b4 b5 39. Kf4 Nd6 40. Bd4 Nc4 41.
Bxa7 Nxa3 42. Bc5+ Kd7 43. Ke5 Nc4+ 44. Kf6 Ke8 45. fxg6 fxg6 46. Kxg6 Nd2 47.
Kxh5 Nxe4 48. Bd4 Kf7 49. g6+ Kg8 50. Kg4 Nd6 51. h5 1-0

[Event "18th American Continental"]
[Site "Foz do Iguacu BRA"]
[Date "2025.05.27"]
[Round "7.54"]
[White "Izquierdo, Daniel"]
[Black "Almeida Junior, Alvaro Alves de"]
[Result "1-0"]
[WhiteTitle "FM"]
[WhiteElo "2053"]
[BlackElo "2179"]
[WhiteFideId "3000044"]
[BlackFideId "2149974"]
[EventDate "2025.05.23"]

1. Nf3 Nf6 2. c4 e6 3. b3 d5 4. Bb2 Be7 5. e3 c5 6. Be2 Nc6 7. d4 cxd4 8. Nxd4
Bb4+ 9. Nc3 Qa5 10. Nb5 Ne4 11. Rc1 a6 12. a3 axb5 13. axb4 Nxb4 14. O-O Qb6 15.
Nxb5 O-O 16. Ba3 Rxa3 17. Nxa3 Na2 18. Ra1 Nac3 19. Qc2 Nxe2+ 20. Qxe2 Qxb3 21.
cxd5 Qxd5 22. Qb5 Qd6 23. Nc4 Qe7 24. Qe5 Qh4 25. Nb6 f6 26. Qc7 Nd2 27. Rfd1
Ne4 28. Ra2 Qh5 29. f3 Ng5 30. Rd8 Nxf3+ 31. gxf3 Qxf3 32. Rxf8+ Kxf8 33. Qxc8+
Kf7 34. Qc7+ 1-0

[Event "18th American Continental"]
[Site "Foz do Iguacu BRA"]
[Date "2025.05.27"]
[Round "7.55"]
[White "Brandao, Renan Alves"]
[Black "Alboredo, Julia"]
[Result "1-0"]
[BlackTitle "FM"]
[WhiteElo "2032"]
[BlackElo "2165"]
[WhiteFideId "2115905"]
[BlackFideId "2124807"]
[EventDate "2025.05.23"]

1. d4 Nf6 2. c4 e6 3. Nc3 Bb4 4. Bg5 h6 5. Bh4 c5 6. d5 exd5 7. cxd5 d6 8. e3
O-O 9. Bd3 Nbd7 10. Ne2 Ne5 11. O-O Ng6 12. Bg3 Nh5 13. a3 Bxc3 14. bxc3 Nxg3
15. Nxg3 Ne5 16. f4 Ng4 17. Qf3 Re8 18. e4 c4 19. Bxc4 Qb6+ 20. Kh1 Qc5 21. Bd3
b5 22. h3 Ne3 23. Rfe1 Nc4 24. Nh5 Kh8 25. Qg3 Rg8 26. e5 Bb7 27. e6 Bxd5 28.
Qg4 g6 29. exf7 gxh5 30. fxg8=Q+ Rxg8 31. Qd7 Bxg2+ 32. Kh2 Be4 33. Bxe4 Qf2+
34. Kh1 1-0

[Event "18th American Continental"]
[Site "Foz do Iguacu BRA"]
[Date "2025.05.27"]
[Round "7.56"]
[White "Pirola, Claudionor Alcides Lima"]
[Black "Hernandez Bermudez, Manuela"]
[Result "1-0"]
[BlackTitle "WFM"]
[WhiteElo "2157"]
[BlackElo "1947"]
[WhiteFideId "2130556"]
[BlackFideId "4483103"]
[EventDate "2025.05.23"]

1. c4 e5 2. Nc3 Nf6 3. Nf3 Nc6 4. g3 d5 5. cxd5 Nxd5 6. Bg2 Be6 7. O-O Be7 8. d4
exd4 9. Nxd4 Nxd4 10. Qxd4 Bf6 11. Qa4+ Bd7 12. Qe4+ Ne7 13. Rd1 O-O 14. Bh3
Bxh3 15. Rxd8 Rfxd8 16. Bf4 c6 17. Be5 Bxe5 18. Qxe5 Nd5 19. f3 Re8 20. Qh5 Nxc3
21. bxc3 Be6 22. Qc5 Rad8 23. a4 Rd5 24. Qe3 a6 25. Qb6 Rd7 26. Rb1 Bd5 27. Kf2
h6 28. Rb2 Be6 29. Rb4 Kh7 30. Rd4 Rde7 31. e4 f6 32. Rd8 Rxd8 33. Qxd8 Rf7 34.
a5 Bc4 35. f4 Be6 36. Qe8 Bc4 37. Ke3 g6 38. Kd4 Bb3 39. c4 Kg7 40. e5 fxe5+ 41.
fxe5 Rf8 42. Qe7+ Rf7 43. Qd8 Rf8 44. Qb6 1-0

[Event "18th American Continental"]
[Site "Foz do Iguacu BRA"]
[Date "2025.05.27"]
[Round "7.57"]
[White "El Zwei, Aiman Mohamed"]
[Black "Piasetski, Leon"]
[Result "1/2-1/2"]
[BlackTitle "IM"]
[WhiteElo "1980"]
[BlackElo "2153"]
[WhiteFideId "44733909"]
[BlackFideId "2600072"]
[EventDate "2025.05.23"]

1. Nf3 Nf6 2. c4 e6 3. d4 d5 4. g3 Bb4+ 5. Bd2 a5 6. Bg2 O-O 7. a3 Be7 8. O-O c6
9. Qc2 b5 10. c5 Nbd7 11. Nc3 Re8 12. b4 a4 13. Rfe1 h6 14. Rad1 Bf8 15. h4 Bb7
16. Bf4 Nh5 17. Bd2 Nhf6 18. Bf4 Nh5 19. Bd2 Nhf6 20. Bf4 1/2-1/2

[Event "18th American Continental"]
[Site "Foz do Iguacu BRA"]
[Date "2025.05.27"]
[Round "7.58"]
[White "Brizzi, Milagros Tatiana"]
[Black "Nunes, Agatha Hurba"]
[Result "1-0"]
[WhiteTitle "WIM"]
[BlackTitle "WFM"]
[WhiteElo "2152"]
[BlackElo "1947"]
[WhiteFideId "128350"]
[BlackFideId "2114852"]
[EventDate "2025.05.23"]

1. e4 e6 2. d3 d5 3. Nd2 Nc6 4. c3 Nf6 5. Ngf3 e5 6. b4 a6 7. a3 Bd6 8. Be2 Ne7
9. O-O c6 10. Re1 O-O 11. Bf1 Ng6 12. Nb3 h6 13. a4 Re8 14. Bd2 Bg4 15. h3 Bd7
16. g3 Qc7 17. Bg2 Rad8 18. Qb1 b6 19. a5 b5 20. Be3 Rb8 21. Bc5 Bxc5 22. Nxc5
Qc8 23. Kh2 dxe4 24. dxe4 h5 25. Qc1 h4 26. Rd1 hxg3+ 27. fxg3 Nf8 28. Qe3 Ra8
29. Rd2 Bg4 30. Ng5 Bh5 31. Bf3 Bxf3 32. Qxf3 Ra7 33. Rad1 N6h7 34. Nxh7 Kxh7
35. Rd6 Kg8 36. R1d3 Rae7 37. Qd1 g6 38. Rd8 Rxd8 39. Rxd8 Qc7 40. Nxa6 Qa7 41.
Nc5 Kg7 42. Qd6 Ne6 43. Qxe5+ f6 44. Nxe6+ Rxe6 45. Qd4 Qxd4 46. Rxd4 c5 47. Rd5
c4 48. Rxb5 Rxe4 49. Rc5 Re2+ 50. Kh1 Re3 51. Rxc4 Rxg3 52. Kh2 Rd3 53. a6 Rd2+
54. Kg3 Ra2 55. b5 Kh6 56. b6 1-0

[Event "18th American Continental"]
[Site "Foz do Iguacu BRA"]
[Date "2025.05.27"]
[Round "7.59"]
[White "Da Silva Borges, Rodrigo"]
[Black "De Oliveira, Jairo Quintiliano"]
[Result "1-0"]
[WhiteElo "2146"]
[BlackElo "1942"]
[WhiteFideId "2115778"]
[BlackFideId "22792503"]
[EventDate "2025.05.23"]

1. d4 d5 2. c4 c6 3. Nc3 Nf6 4. cxd5 cxd5 5. Bf4 Nc6 6. e3 e6 7. Bd3 a6 8. Rc1
Bd6 9. Bxd6 Qxd6 10. f4 b5 11. Nf3 Bb7 12. O-O O-O 13. Ne5 Ne7 14. Qf3 b4 15.
Ne2 Ne4 16. Ng3 Nd2 17. Qh5 g6 18. Qh6 f5 19. Rf2 Ne4 20. Rfc2 Rac8 21. Bxe4
fxe4 22. h4 Rxc2 23. Rxc2 Nf5 24. Qg5 Nxe3 25. h5 Nxc2 26. hxg6 Qd8 27. gxh7+
Kxh7 28. Qg6+ Kh8 29. Nh5 Qc7 30. Qh6+ Kg8 31. Ng6 1-0

[Event "18th American Continental"]
[Site "Foz do Iguacu BRA"]
[Date "2025.05.27"]
[Round "7.60"]
[White "Souza Neves, Andrey M."]
[Black "Pereira Vera, Henry Alberto"]
[Result "1/2-1/2"]
[WhiteTitle "FM"]
[WhiteElo "2138"]
[BlackElo "1913"]
[WhiteFideId "2101815"]
[BlackFideId "4433270"]
[EventDate "2025.05.23"]

1. e4 d5 2. exd5 Qxd5 3. Nc3 Qd6 4. d4 Nf6 5. Nf3 a6 6. a4 Bg4 7. h3 Bh5 8. g4
Bg6 9. Ne5 Nc6 10. Nxc6 bxc6 11. Bg2 e6 12. Qf3 Nd5 13. Ne4 Bxe4 14. Qxe4 Be7
15. O-O O-O 16. c4 Nb4 17. Bf4 Qd7 18. Rad1 Rfe8 19. g5 Bd6 20. Be5 Bxe5 21.
dxe5 Qe7 22. h4 Red8 23. a5 Rxd1 24. Rxd1 Rd8 25. Rxd8+ Qxd8 26. Qe3 g6 27. Kh2
Qe7 28. h5 h6 29. hxg6 Qxg5 30. gxf7+ Kxf7 31. Qxg5 hxg5 32. Be4 c5 33. Kg3 Kg7
34. Kg4 Kh6 35. f3 Na2 36. Bb7 Nb4 37. Bc8 Nc6 38. f4 gxf4 39. Kxf4 Nxa5 40.
Bxe6 Kg7 41. Kf5 Nc6 42. Bd7 Nd4+ 43. Ke4 a5 44. Kd5 Nb3 45. Ba4 Nc1 46. Kc6 Nd3
47. Kxc7 Nxe5 48. b3 Kf6 49. Kd6 Nd3 50. Kd5 Kf5 51. Bd7+ Kf4 52. Bh3 Nc1 53.
Kxc5 Nxb3+ 54. Kb5 Ke5 55. Ka4 Nd2 56. c5 Ne4 57. c6 Kd6 58. Kb5 Nc3+ 59. Kxa5
Kxc6 1/2-1/2

[Event "18th American Continental"]
[Site "Foz do Iguacu BRA"]
[Date "2025.05.27"]
[Round "7.61"]
[White "Souza, Rafael Cabral De"]
[Black "Barrera Caicedo, Hubert"]
[Result "1-0"]
[WhiteElo "2122"]
[BlackElo "1910"]
[WhiteFideId "2124068"]
[BlackFideId "3908062"]
[EventDate "2025.05.23"]

1. e4 e5 2. Nc3 Nf6 3. g3 d5 4. exd5 Nxd5 5. Bg2 Nxc3 6. bxc3 Bc5 7. Ne2 Nc6 8.
O-O O-O 9. Bb2 Qf6 10. h3 Rd8 11. Kh2 Na5 12. d3 Nc4 13. Bc1 h6 14. Rb1 Rb8 15.
Qe1 Nd6 16. c4 Nf5 17. Nc3 Nd4 18. Ne4 Qe7 19. Nxc5 Qxc5 20. c3 Ne6 21. Rb5 Qe7
22. Rxe5 Rxd3 23. Rd5 Rxd5 24. cxd5 Qc5 25. dxe6 Bxe6 26. Qe3 Qa5 27. a3 g6 28.
Re1 Qb5 29. Qe5 Qc4 30. Be3 Rd8 31. Bd4 1-0

[Event "18th American Continental"]
[Site "Foz do Iguacu BRA"]
[Date "2025.05.27"]
[Round "7.62"]
[White "Medeiros, Thauane Ferreira"]
[Black "Bauza, Alejandro"]
[Result "0-1"]
[WhiteTitle "WFM"]
[BlackTitle "FM"]
[WhiteElo "1972"]
[BlackElo "2119"]
[WhiteFideId "2134470"]
[BlackFideId "3000060"]
[EventDate "2025.05.23"]

1. d4 c5 2. e3 cxd4 3. exd4 d5 4. Bf4 Nc6 5. Nf3 Bg4 6. Nbd2 Nf6 7. c3 e6 8. Qb3
Qc8 9. Bb5 Nd7 10. O-O Be7 11. Rac1 O-O 12. c4 Bxf3 13. Bxc6 bxc6 14. Nxf3 Nb6
15. cxd5 Nxd5 16. Bg3 Qa6 17. Qc4 Qb5 18. b3 Rfc8 19. Rfe1 a5 20. Ne5 Bb4 21.
Re2 Nc3 22. Rec2 Qxc4 23. Nxc4 Nd5 24. Nd6 Rd8 25. Nc4 Be7 26. Ne5 Nb4 27. Nxc6
Nxc2 28. Rxc2 Rd7 29. h3 Kf8 30. Bf4 Bd6 31. Bd2 Bc7 32. Kf1 Bb6 33. Ke2 Ke8 34.
Rc4 f6 35. Ra4 Rd5 36. b4 Kd7 37. Nxa5 Bxd4 38. Ra3 Bxf2 39. Rc3 Bb6 40. Nc4 Bd4
41. Rc2 e5 42. g4 Ke6 43. Na5 h5 44. Rc6+ Kd7 45. Rc2 hxg4 46. hxg4 Rh8 47. Nb3
Rh3 48. Nxd4 Rxd4 49. a4 Rh2+ 50. Ke3 Rxb4 51. Bxb4 Rxc2 52. Bf8 Ra2 53. Bxg7
Ke6 54. g5 fxg5 55. Bh6 Kf5 0-1

[Event "18th American Continental"]
[Site "Foz do Iguacu BRA"]
[Date "2025.05.27"]
[Round "7.63"]
[White "Calcada, Lucas Galvan"]
[Black "Heredia Serrano, Carla"]
[Result "0-1"]
[BlackTitle "WGM"]
[WhiteElo "1967"]
[BlackElo "2114"]
[WhiteFideId "22746099"]
[BlackFideId "3603687"]
[EventDate "2025.05.23"]

1. e4 c6 2. d4 d5 3. e5 c5 4. Nf3 Bg4 5. dxc5 Nc6 6. c3 Bxf3 7. Qxf3 Nxe5 8.
Bb5+ Nc6 9. c4 e6 10. O-O a6 11. cxd5 Qxd5 12. Qxd5 exd5 13. Bxc6+ bxc6 14. Be3
Be7 15. Re1 Bf6 16. Bf4+ Ne7 17. Nc3 O-O 18. Bd6 Rfe8 19. Na4 Nf5 20. Nb6 Rad8
21. Bc7 Rxe1+ 22. Rxe1 Rf8 23. Nd7 Rc8 24. Nxf6+ gxf6 25. Bf4 h5 26. h3 Kg7 27.
g4 Nd4 28. Kg2 Ne6 29. Bd6 Kg6 30. f3 a5 31. Re3 d4 32. Ra3 Ra8 33. b4 a4 34.
Rd3 f5 35. Rd1 a3 36. Kf2 hxg4 37. hxg4 fxg4 38. fxg4 Kg5 39. Kf3 f5 40. gxf5
Kxf5 41. Ke2 Rg8 42. Rd2 Ke4 43. Kd1 d3 44. Rh2 Rg4 45. Be7 Nf4 46. Rh4 Rg1+ 47.
Kd2 Rg2+ 48. Kc3 Rxa2 49. Bd6 Rf2 50. Bxf4 Rxf4 51. Rh1 Rf2 52. Ra1 a2 53. Re1+
Kd5 54. Rd1 Ke4 55. Ra1 d2 56. Rxa2 d1=Q 57. Rxf2 Qd4+ 0-1

[Event "18th American Continental"]
[Site "Foz do Iguacu BRA"]
[Date "2025.05.27"]
[Round "7.64"]
[White "Cezar, Ricardo De Almeida"]
[Black "Becker, Rogerio Sperb"]
[Result "0-1"]
[WhiteElo "1962"]
[BlackElo "2111"]
[WhiteFideId "2172968"]
[BlackFideId "22767797"]
[EventDate "2025.05.23"]

1. d4 Nf6 2. c4 g6 3. Nc3 d5 4. cxd5 Nxd5 5. e4 Nxc3 6. bxc3 Bg7 7. Be3 c5 8.
Qd2 Qa5 9. Rc1 cxd4 10. cxd4 Qxd2+ 11. Kxd2 Nc6 12. Nf3 O-O 13. d5 Rd8 14. Kc2
Na5 15. Nd4 e6 16. dxe6 Rxd4 17. Bxd4 Bxd4 18. Rd1 Bf6 19. e5 Be7 20. exf7+ Kxf7
21. Bd3 Be6 22. Kb1 Nc6 23. Be4 Nxe5 24. Bd5 Rd8 25. Bxe6+ Kxe6 26. Rxd8 Bxd8
27. Rd1 g5 28. Rc1 h5 29. Kb2 Ng4 30. Re1+ Kf5 31. Re8 Bb6 32. Rf8+ Kg6 33. Rg8+
Kf6 34. Rh8 h4 35. g3 Kg7 36. Rb8 h3 37. Rxb7+ Kg6 38. f4 Nxh2 0-1

[Event "18th American Continental"]
[Site "Foz do Iguacu BRA"]
[Date "2025.05.27"]
[Round "7.65"]
[White "Fiaes, Mario Henrique Andrade"]
[Black "Calcada, Henrique Galvan"]
[Result "1-0"]
[WhiteElo "2106"]
[BlackElo "1896"]
[WhiteFideId "2108690"]
[BlackFideId "22746080"]
[EventDate "2025.05.23"]

1. d4 Nf6 2. Nf3 g6 3. c4 Bg7 4. Nc3 d6 5. e4 O-O 6. Be2 e5 7. d5 a5 8. Be3 Na6
9. Nd2 Ne8 10. g4 f5 11. gxf5 gxf5 12. exf5 Bxf5 13. Bg4 Qh4 14. Bxf5 Rxf5 15.
Qe2 Nc5 16. O-O-O Nf6 17. Rdg1 Rxf2 18. Bxf2 Qxf2 19. Kb1 Qxe2 20. Nxe2 Rf8 21.
Rg2 Rf7 22. Rf1 Nfe4 23. Rxf7 Kxf7 24. Nxe4 Nxe4 25. Ng3 Nxg3 26. Rxg3 Bh6 27.
Kc2 Bf4 28. Rg2 Kf6 29. Kd3 h5 30. Ke4 Bg5 31. a3 b6 32. b3 h4 33. b4 axb4 34.
Rb2 Kg6 35. Rxb4 Bd2 36. Rb2 Be1 37. Rb3 Bd2 38. Rd3 Bc1 39. Rh3 Kg7 40. Kf5 Bd2
41. Rf3 Ba5 42. Kg4 Kg6 43. Rf1 Bd2 44. Rf8 e4 45. Rc8 e3 46. Kf3 Kf5 47. Rxc7
Ke5 48. Rc6 Kd4 49. Rxd6 Kxc4 50. Rxb6 Kxd5 51. Rh6 e2 52. Rh5+ Kd4 53. Kxe2 1-0

[Event "18th American Continental"]
[Site "Foz do Iguacu BRA"]
[Date "2025.05.27"]
[Round "7.66"]
[White "Azevedo Junior, Jose Ferreira"]
[Black "Roselli, Danilo Palomares"]
[Result "1-0"]
[WhiteElo "2102"]
[BlackElo "1885"]
[WhiteFideId "2127326"]
[BlackFideId "2103826"]
[EventDate "2025.05.23"]

1. c4 f5 2. Nc3 Nf6 3. d4 g6 4. g3 Bg7 5. Bg2 d6 6. Nf3 O-O 7. O-O Qe8 8. d5 a5
9. Nd4 Na6 10. b3 Nc5 11. Bb2 Bd7 12. a3 e5 13. dxe6 Bxe6 14. b4 Nce4 15. Nxe6
Qxe6 16. Nxe4 fxe4 17. Qc2 c6 18. Bd4 d5 19. c5 Qe7 20. f3 e3 21. Bh3 Nd7 22.
Bxg7 Qxg7 23. Bxd7 Qxd7 24. Kg2 Qg7 25. Rab1 axb4 26. axb4 Ra3 27. Rb3 Rfa8 28.
Qd3 Rxb3 29. Qxb3 Qe5 30. Rd1 Kg7 31. Rd3 d4 32. Qc4 Rd8 33. Rb3 Rd5 34. Qc2 g5
35. Qd3 h5 36. b5 Rd7 37. bxc6 bxc6 38. Rb1 g4 39. fxg4 Rf7 40. Rd1 Qd5+ 41. Kg1
hxg4 42. Qxd4+ Qxd4 43. Rxd4 Rf2 44. Rxg4+ Kh6 45. Rd4 Rxe2 46. Rd6+ Kg5 47.
Rxc6 Kg4 48. Re6 Kf3 49. Rf6+ Kg4 50. Rf4+ Kg5 51. h4+ Kg6 52. Kf1 Rc2 53. Re4
Rxc5 54. Rxe3 Kf5 55. Kg2 Rc4 56. Kh3 Ra4 57. Rf3+ Kg6 58. g4 Ra1 59. Kg3 Ra4
60. Rc3 Rb4 61. Rc6+ Kg7 62. h5 Ra4 63. Kh4 Ra5 64. h6+ Kh7 65. g5 Ra1 66. Rc7+
Kg6 67. Rg7+ Kf5 68. h7 Rh1+ 69. Kg3 Rh5 70. g6 Kf6 71. Rg8 1-0

[Event "18th American Continental"]
[Site "Foz do Iguacu BRA"]
[Date "2025.05.27"]
[Round "7.67"]
[White "Pessoa, Marcio de Souza"]
[Black "Garmendia Vega, Gabriel"]
[Result "0-1"]
[BlackTitle "CM"]
[WhiteElo "1912"]
[BlackElo "2100"]
[WhiteFideId "2127180"]
[BlackFideId "3414361"]
[EventDate "2025.05.23"]

1. d4 d5 2. Nf3 c5 3. c3 Nc6 4. Bf4 Bf5 5. dxc5 f6 6. Nd4 Bd7 7. e4 e5 8. Nxc6
Bxc6 9. Bxe5 fxe5 10. Qh5+ Kd7 11. Qf5+ Ke7 12. Qxe5+ Kf7 13. Nd2 Qf6 14. Nf3
Qxe5 15. Nxe5+ Ke6 16. Nxc6 bxc6 17. exd5+ cxd5 18. b4 Nf6 19. Bd3 Be7 20. O-O-O
a5 21. Rhe1+ Kf7 22. a3 axb4 23. axb4 Ra2 24. Re2 Rxe2 25. Bxe2 Ne4 26. Kc2 Ra8
27. Kb3 Rb8 28. Kc2 Bf6 29. Rxd5 Nxc3 30. Rd7+ Ke8 31. Bg4 Rxb4 32. Bh3 Rc4 33.
Rb7 Rxc5 34. f3 Nd5+ 35. Kd2 Nf4 36. Bd7+ Kd8 37. g3 Rd5+ 38. Ke3 Ng2+ 39. Kf2
Rd2+ 40. Kg1 Rxd7 41. Rxd7+ Kxd7 42. Kxg2 Ke6 43. f4 Kd5 44. Kf3 Kd4 45. g4 h6
46. Kg3 Ke3 47. h4 Bxh4+ 48. Kxh4 Kxf4 49. Kh5 g5 0-1

[Event "18th American Continental"]
[Site "Foz do Iguacu BRA"]
[Date "2025.05.27"]
[Round "7.68"]
[White "Lima, Stefan Moisei VIeira"]
[Black "Pimenta, Jeronimo Marques"]
[Result "1-0"]
[WhiteTitle "FM"]
[WhiteElo "2241"]
[BlackElo "1946"]
[WhiteFideId "22782273"]
[BlackFideId "2116448"]
[EventDate "2025.05.23"]

1. c4 e5 2. g3 Nf6 3. Bg2 Nc6 4. Nc3 Bc5 5. Nf3 d5 6. cxd5 Nxd5 7. d3 Nxc3 8.
bxc3 O-O 9. O-O h6 10. Nd2 Be6 11. Rb1 Bb6 12. Ba3 Re8 13. Qc2 Rb8 14. Nb3 Bd5
15. e4 Bxb3 16. axb3 Qd7 17. Rbd1 Rbd8 18. Kh1 Qe6 19. f4 f6 20. fxe5 Nxe5 21.
d4 Ng4 22. Bc1 c5 23. h3 cxd4 24. cxd4 Kh8 25. hxg4 Qxg4 26. Qf2 Qh5+ 27. Kg1
Qb5 28. Bxh6 Re6 29. Bh3 Red6 30. Be3 Qxb3 31. Bf5 Kg8 32. Rfe1 Qc3 33. d5 1-0

[Event "18th American Continental"]
[Site "Foz do Iguacu BRA"]
[Date "2025.05.27"]
[Round "7.69"]
[White "Silverio, Vitor Luis De Jesus"]
[Black "Gonzalez, Augusto"]
[Result "0-1"]
[WhiteElo "2166"]
[BlackElo "1937"]
[WhiteFideId "22797289"]
[BlackFideId "3702529"]
[EventDate "2025.05.23"]

1. e4 c6 2. d4 d5 3. exd5 cxd5 4. Bd3 Nc6 5. c3 Qc7 6. Ne2 Bg4 7. O-O Nf6 8. Qe1
Bxe2 9. Qxe2 g6 10. Nd2 Bg7 11. f4 O-O 12. Nf3 Nd7 13. Ne5 Rac8 14. Qf3 e6 15.
Bd2 f6 16. Nxd7 Qxd7 17. Qh3 Qd6 18. Kh1 a6 19. Bc2 b5 20. Rae1 b4 21. Ba4 bxc3
22. Bxc3 f5 23. Qd3 Ra8 24. Bxc6 Qxc6 25. Re2 Rfe8 26. Rfe1 a5 27. Rc2 Qa6 28.
Qxa6 Rxa6 29. Kg1 Kf7 30. Kf2 Rc8 31. Ke3 Rac6 32. Rec1 Bh6 33. h4 e5 34. dxe5
d4+ 35. Kxd4 Bxf4 36. Kd3 Bxc1 37. Rxc1 Rd8+ 38. Ke3 a4 39. a3 Rc4 40. g3 Re4+
41. Kf2 Ke6 42. h5 gxh5 43. Rh1 h4 44. gxh4 h5 45. Kf3 Rd3+ 46. Kf2 Rg4 47. Ke2
Rd8 48. Rh3 Rd7 49. Rh1 f4 50. Rh2 Rdg7 51. Kd3 f3 52. Rf2 Rg2 53. Rxf3 R7g3 54.
Rxg3 Rxg3+ 55. Kc4 Rg4+ 56. Kb5 Rxh4 57. Bb4 Rxb4+ 58. axb4 h4 59. Kxa4 h3 0-1

[Event "18th American Continental"]
[Site "Foz do Iguacu BRA"]
[Date "2025.05.27"]
[Round "7.70"]
[White "Cordero, Daniela"]
[Black "Lira, Suan Bruno Fernandes"]
[Result "0-1"]
[WhiteTitle "WIM"]
[WhiteElo "1923"]
[BlackElo "2163"]
[WhiteFideId "3301630"]
[BlackFideId "22794620"]
[EventDate "2025.05.23"]

1. Nf3 d5 2. g3 Nf6 3. Bg2 e6 4. O-O c5 5. d3 Nc6 6. Nbd2 Be7 7. e4 O-O 8. c3
Qc7 9. Qc2 b6 10. Rd1 Rd8 11. Ne1 e5 12. Nf1 Bg4 13. f3 Be6 14. Bd2 c4 15. exd5
Bxd5 16. Be3 Rac8 17. Bh3 cxd3 18. Qg2 Rb8 19. Nxd3 Qb7 20. Ne1 b5 21. Qf2 b4
22. cxb4 Nd4 23. Bxd4 exd4 24. Nd3 Bxf3 25. Rdc1 Ng4 26. Bxg4 Bxg4 27. Ne5 Be6
28. Nc6 Bxb4 29. Nxb8 Qxb8 30. Nd2 d3 31. h4 Bxd2 32. Qxd2 Qxg3+ 33. Qg2 Qxh4
34. Qf2 Qg5+ 35. Qg2 Qxg2+ 36. Kxg2 d2 37. Rd1 Bg4 38. b4 Bxd1 39. Rxd1 g5 40.
Kf2 Rd4 41. a3 Rd3 0-1